Statistiques concernant Discographie de Deen Burbigo

Cliquez ici pour prendre le quiz!

Statistiques générales

  • Ce quiz a été pris 19 fois
    (7 depuis la dernière actualisation)
  • Le résultat moyen est 26 sur 63

Statistiques - réponses

Titre albumRéponse% Correct
OG San 1 (2021)Agent Orange
100%
Cercle Vertueux (2020)Cercle Vertueux
100%
Cercle Vertueux (2020)OG San
100%
Cercle Vertueux (2020)BNB
80%
Cercle Vertueux (2020)Cercle Vicieux
80%
OG San 2 (2023)Coquillage
80%
OG San 1 (2021)D1
80%
Cercle Vertueux (2020)Immunité Diplomatique
80%
OG San 1 (2021)Ojisama
80%
OG San 1 (2021)Smith
80%
OG San 2 (2023)Amour
60%
Saboteur Mixtape vol.1 (2022)Cellule
60%
OG San 2 (2023)Des Litres et des Volts
60%
OG San 2 (2023)Domaine
60%
OG San 2 (2023)Fichu
60%
OG San 2 (2023)Okinawa
60%
OG San 2 (2023)Recommande
60%
Saboteur Mixtape vol.1 (2022)Saboteur Gang
60%
OG San 1 (2021)Sennin Mode
60%
Saboteur Mixtape vol.1 (2022)3.14 Ville
40%
Saboteur Mixtape vol.1 (2022)CAC 40
40%
Saboteur Mixtape vol.1 (2022)CBD
40%
Cercle Vertueux (2020)Clio & Berline
40%
OG San 2 (2023)Fais Nous Voir
40%
Saboteur Mixtape vol.1 (2022)Faux G
40%
Grand Cru (2017)Fils de riches
40%
Cercle Vertueux (2020)Grand-père
40%
Saboteur Mixtape vol.1 (2022)Grimace
40%
Cercle Vertueux (2020)Jeu d'échecs
40%
Grand Cru (2017)Ma bande
40%
OG San 1 (2021)Mansa Moussa
40%
Cercle Vertueux (2020)P2
40%
Cercle Vertueux (2020)Piège à Loup
40%
OG San 1 (2021)Promotion
40%
Cercle Vertueux (2020)Tout dedans
40%
Grand Cru (2017)Tu rêves
40%
Cercle Vertueux (2020)Vroom!
40%
Saboteur Mixtape vol.1 (2022)Affaire
20%
Saboteur Mixtape vol.1 (2022)Caddie
20%
Grand Cru (2017)Chaos
20%
Cercle Vertueux (2020)Colle à la Peau
20%
Saboteur Mixtape vol.1 (2022)Combien ?
20%
Saboteur Mixtape vol.1 (2022)Coupe la Parole
20%
Grand Cru (2017)Coupe le son
20%
Grand Cru (2017)Fauché
20%
Saboteur Mixtape vol.1 (2022)Feux Arrières
20%
Grand Cru (2017)Freedom
20%
Saboteur Mixtape vol.1 (2022)Intro
20%
Grand Cru (2017)Là gamin
20%
Saboteur Mixtape vol.1 (2022)Mauvais rat
20%
OG San 1 (2021)Mentalité
20%
Grand Cru (2017)Me réveiller
20%
Grand Cru (2017)On y va
20%
Grand Cru (2017)Pas une autre
20%
Cercle Vertueux (2020)Prado
20%
Saboteur Mixtape vol.1 (2022)Quotidien
20%
Grand Cru (2017)Retour en arrière
20%
Grand Cru (2017)Rêve d'ado
20%
Saboteur Mixtape vol.1 (2022)Rio
20%
Cercle Vertueux (2020)Savoir-faire
20%
Grand Cru (2017)En principe
0%
Grand Cru (2017)Faut pas t'en faire
0%
Saboteur Mixtape vol.1 (2022)La BO
0%

Distribution des résultats

Percentile par nombre de réponses

% des personnes avec chaque résultat

Votre développement - résultats

Vous n’avez pas pris ce quiz depuis la dernière actualisation